Vallamont
Novela de ficción, relata la historia de la lucha entre dos familias poderosas, en donde Catherine, mujer orgullosa, debe elegir entre los dos herederos de Vallamont, que además son rivales, Steven Cottor y Nathan McKay.
Збережено в:
| Автор: | |
|---|---|
| Формат: | Книга |
| Мова: | Undetermined |
| Опубліковано: |
New York, Estados Unidos
Pocket Books
1979
|
| Предмети: | |
| Теги: |
Додати тег
Немає тегів, Будьте першим, хто поставить тег для цього запису!
|
MARC
| LEADER | 00000nam a2200000Ia 4500 | ||
|---|---|---|---|
| 008 | 170316s9999 xx 000 0 und d | ||
| 040 | |a cru BVZT | ||
| 090 | |a 810 G-11.1v | ||
| 100 | |a Gayle, Pamela |9 1105 | ||
| 245 | |a Vallamont |c / Pamela Gayle | ||
| 260 | |a New York, Estados Unidos | ||
| 260 | |b Pocket Books | ||
| 260 | |c 1979 | ||
| 300 | |a 342 páginas | ||
| 520 | |a Novela de ficción, relata la historia de la lucha entre dos familias poderosas, en donde Catherine, mujer orgullosa, debe elegir entre los dos herederos de Vallamont, que además son rivales, Steven Cottor y Nathan McKay. | ||
| 650 | |a LITERATURA ESTADOUNIDENSE |9 25 | ||
| 650 | |a NOVELA |9 13 | ||
| 999 | |c 5655 |d 5655 | ||
| 942 | |c 15 D |h 810 G-11.1v |2 z | ||
